书目信息 |
| 题名: |
阿道夫·希特勒女秘书的回忆录
|
|
| 作者: | 施罗德 , Schroder 著 ;约阿希姆斯塔勒 , Joachimsthaler , 陈建福 编 | |
| 分册: | ||
| 出版信息: | 海拉尔 内蒙古文化出版社 1996 |
|
| 页数: | 14,413页 | |
| 开本: | 20cm | |
| 丛书名: | ||
| 单 册: | ||
| 中图分类: | K835.167.5 , I516.55 | |
| 科图分类: | ||
| 主题词: | ||
| 电子资源: | ||
| ISBN: | 7-80506-509-8 | |
| 000 | 01095nam0 2200313 45 | |
| 001 | 0197021760 | |
| 005 | 20040412084818.8 | |
| 010 | @a7-80506-509-8@dCNY19.80 | |
| 100 | @a19970806d1996 emky0chiy0121 ea | |
| 101 | 1 | @achi@cger |
| 102 | @aCN@b150000 | |
| 105 | @ay z 000zd | |
| 106 | @ar | |
| 200 | 10 | @a阿道夫·希特勒女秘书的回忆录@Aa dao fu · xi te le nv mi shu de hui yi lu@f(德)克里斯塔·施罗德(Christa Schroder)著@g(德)安东·约阿希姆斯塔勒(Anton Joachimsthaler)编@g陈建福译 |
| 210 | @a海拉尔@c内蒙古文化出版社@d1996 | |
| 215 | @a14,413页@d20cm | |
| 300 | @a本书原名为《他是我的首长》 | |
| 300 | @a经德国兰根米勒,慕尼黑F.A.海尔贝希出版公司授权出版 | |
| 517 | 1 | @a他是我的首长@Ata shi wo de shou zhang |
| 600 | 1 | @a希特勒@bA.@x回忆录 |
| 690 | @aK835.167.5@v3 | |
| 690 | @aI516.55 | |
| 701 | 1 | @a施罗德@Ashi luo de@bC.@4著 |
| 701 | A1 | @aSchroder@bChrista@4著 |
| 702 | 1 | @a约阿希姆斯塔勒@Ayue a xi mu si ta le@bA.@4编 |
| 702 | A1 | @aJoachimsthaler@bAnton@4编 |
| 702 | 0 | @a陈建福@Achen jian fu@4译 |
| 801 | 0 | @aCN@bNLC@c19970818 |
| 905 | @f3@b275741-743@dI516.55@e63 | |
| 阿道夫·希特勒女秘书的回忆录/(德)克里斯塔·施罗德(Christa Schroder)著/(德)安东·约阿希姆斯塔勒(Anton Joachimsthaler)编/陈建福译.-海拉尔:内蒙古文化出版社,1996 |
| 14,413页;20cm |
| 本书原名为《他是我的首长》.-经德国兰根米勒,慕尼黑F.A.海尔贝希出版公司授权出版 |
| ISBN 7-80506-509-8:CNY19.80 |
| ● |
| 相关链接 |
|
|
|
|
正题名:阿道夫·希特勒女秘书的回忆录
索取号:I516.55/63
 
预约/预借
| 序号 | 登录号 | 条形码 | 馆藏地/架位号 | 状态 | 备注 |
| 1 | 0275740 | 000330519 | 第一样本阅览室/ [索取号:I516.55/63] | 在馆 | |
| 2 | 0275741 | 000330430 | 第二借阅区/ [索取号:I516.55/63] | 在馆 | |
| 3 | 0275742 | 000330261 | 第二借阅区/ [索取号:I516.55/63] | 在馆 | |
| 4 | 0275743 | 000330314 | 第二借阅区/ [索取号:I516.55/63] | 在馆 |